Présidents de la cinquième République Française - Statistiques

Statistiques générales
  • Ce quiz a été pris 520 fois
  • Le résultat moyen est 7 sur 8
Statistiques - réponses
Date Réponse % Correct
1959-1969 Charles de Gaulle
97%
2017-2027 Emmanuel Macron
97%
2012-2017 François Hollande
97%
2007-2012 Nicolas Sarkozy
96%
1995-2007 Jacques Chirac
93%
1981-1995 François Mitterrand
89%
1974-1981 Valéry Giscard d'Estaing
88%
1969-1974 Georges Pompidou
85%
Aucun quiz correspondant
Distribution des résultats
% des personnes avec chaque résultat
Percentile par nombre de réponses
Votre historique - résultats
Vous n’avez pas pris ce quiz